| 000 | 01534cam a22004457a 4500 | ||
|---|---|---|---|
| 003 | CHAP | ||
| 005 | 20220817043537.0 | ||
| 008 | 990601d1998 mx r 00010 spa d | ||
| 010 | _a78077 | ||
| 011 | _a79049 | ||
| 020 | _a9709000055 | ||
| 035 | _a89182 | ||
| 040 | _cCHAP | ||
| 082 | 0 | 4 |
_a575.2 _bB42 |
| 100 | 0 | 0 |
_aBenítez Díaz, Hesiquio. _911639 |
| 245 | 1 | 0 |
_aAspectos económicos sobre la biodiversidad de México _c/ ed. por Hesiquio Benítez Díaz (y otros) |
| 260 |
_aMéxico, D.F. _bComisión Nacional para el Conocimiento y Uso de la Biodiversidad _c1998 |
||
| 300 | _a203p. | ||
| 590 |
_aBATCH-UPD _b10 _c20130110 _lUCH01 _h1950 |
||
| 590 |
_aBATCH-UPD _b10 _c20130409 _lUCH01 _h2154 |
||
| 590 |
_aBATCH-UPD _b10 _c20130410 _lUCH01 _h1311 |
||
| 590 |
_aBATCH-UPD _b10 _c20130914 _lUCH01 _h0628 |
||
| 590 |
_aBATCH-UPD _b10 _c20130914 _lUCH01 _h2145 |
||
| 590 |
_aCONVERSION _b10 _c20130109 _lUCH01 _h1343 |
||
| 650 | 1 | 4 |
_aBiodiversidad. _912724 |
| 650 | 1 | 4 |
_aBotánica económica _xMéxico (D.F.) _914669 |
| 650 | 1 | 4 |
_aEcosistema. _935290 |
| 650 | 1 | 4 |
_aEcosistema. _935290 |
| 650 | 1 | 4 |
_aRecursos naturales _xConservación. |
| 790 | 0 | _aArbol de Amate | |
| 790 | 0 | _aBallena gris | |
| 790 | 0 | _aMariposa monarca | |
| 790 | 0 | _aPalo Fierro de Sonora | |
| 790 | 0 | _aSantuario de el Campanario | |
| 901 | _aBK | ||
| 905 | _aBlanca M. García O. | ||
| 942 | _cLIBRO | ||
| 949 |
_a575.2 B42 _bBC _cLIBRO _d33724000723185 _eLIBRO _fc.2 _h95521 _i89182 _so |
||
| 949 |
_a575.2 B42 _bBC _cLIBRO _d33724000723193 _eLIBRO _h95511 _i89182 _si |
||
| 999 |
_c78077 _d78077 |
||